| 000 | 00358nam a22001577a 4500 | ||
|---|---|---|---|
| 003 | SGT | ||
| 020 | _a9788179753712 | ||
| 082 |
_a362 _bD03K |
||
| 100 | _aMastram Kapoor | ||
| 245 | _aDr. Rammanohar Lohia | ||
| 250 | _a1ST | ||
| 260 |
_aNEW DELHI _bPRAKASHAN VIBHAG BHARAT SARKAR _c2003 |
||
| 300 | _a234 | ||
| 650 | _aMASS COMMUNICATION | ||
| 942 |
_2ddc _cBK |
||
| 999 |
_c13005 _d13005 |
||